Miasta w województwie małopolskim - Statystyki

Ogólne statystyki
  • Ten quiz został rozwiązany 5 624 razy
  • Średni wynik to 27 z 61
Statystyki odpowiedzi
Miasto Liczba ludności % Poprawnych
Kraków 761 873
100%
Nowy Sącz 83 853
90%
Tarnów 111 376
90%
Zakopane 27 556
89%
Nowy Targ 33 598
81%
Wieliczka 21 676
79%
Bochnia 30 104
77%
Oświęcim 39 444
75%
Wadowice 19 254
67%
Myślenice 18 346
65%
Olkusz 36 477
63%
Chrzanów 37 898
62%
Gorlice 28 255
61%
Limanowa 15 078
61%
Stary Sącz 9040
61%
Brzesko 17 090
60%
Rabka-Zdrój 13 082
53%
Skawina 24 203
53%
Krynica-Zdrój 10 992
52%
Miechów 11 830
51%
Andrychów 20 993
50%
Niepołomice 11 201
48%
Sucha Beskidzka 9414
48%
Dąbrowa Tarnowska 11 881
46%
Zator 3700
44%
Proszowice 6158
43%
Szczawnica 5972
41%
Trzebinia 20 127
40%
Kalwaria Zebrzydowska 4603
39%
Muszyna 5028
39%
Kęty 19 062
36%
Krzeszowice 10 173
36%
Mszana Dolna 7890
36%
Piwniczna-Zdrój 5967
36%
Alwernia 3435
34%
Maków Podhalański 5980
34%
Wolbrom 8823
34%
Jordanów 5305
33%
Dobczyce 6449
32%
Grybów 6063
32%
Libiąż 17 284
30%
Skała 3800
29%
Nowe Brzesko 1667
28%
Żabno 4214
28%
Nowy Wiśnicz 2767
27%
Słomniki 4402
27%
Tuchów 6724
27%
Zakliczyn 1661
27%
Biecz 4728
26%
Ciężkowice 2496
25%
Wojnicz 3401
24%
Brzeszcze 11 560
23%
Czchów 2364
23%
Szczucin 4189
23%
Bobowa 3006
22%
Bukowno 10 336
21%
Sułkowice 6537
21%
Świątniki Górne 2400
21%
Chełmek 9198
20%
Radłów 2766
18%
Ryglice 2870
18%
Nie znaleziono quizów pasujących do podanych kryteriów
Rozkład punktacji
Procent ludzi z każdym wynikiem
Percentyl według liczby udzielonych odpowiedzi
Twoja historia wyników
Nie rozwiązałeś tego quizu